Športové hry seniorov

Bibliographic Details
Main Author: Štrbová, Oľga (Author)
Format: Article
Language:Slovak
Subjects:

MARC

LEADER 00000nab a2200000 ar4500
001 vtls010555873
003 SK-MaSNL
005 20260305034050.0
008 131105c2013 xo qr|p|||||||000 b|slo
038 |a RVGKPD 
040 |a RVGKPD  |b slo  |c RVGKPD  |e AACR2 
041 |a slo 
044 |a xo  |c SK 
080 |a 796.1-053.9  |2 1997 
100 1 |a Štrbová, Oľga  |4 aut  |9 1512951 
245 1 0 |a Športové hry seniorov  |c Oľga Štrbová 
300 |b Fotogr. 
611 2 7 |a Športové hry seniorov  |d (2013 :  |c Gemerská Poloma, Slovensko)  |2 rvgkpd  |9 1615130 
650 0 7 |a športové hry  |2 rvgkpd  |9 3234 
650 0 7 |a seniori  |2 rvgkpd  |9 117453 
651 7 |a Gemerská Poloma (Slovensko)  |2 rvgkpd  |9 29357 
651 7 |a Rožňava (Slovensko : okres)  |2 rvgkpd  |9 19215 
773 0 |t Polomské noviny  |g Roč. XVIII, č. 3 (2013), s. 17 
852 |a RVGKPD  |b KIS3G 
992 |a RBX 
999 |c 3327621  |d 3329551